Fundamentos de administración : (Record no. 151017)

MARC details
000 -CABECERA
campo de control de longitud fija 00853nam a2200229 u 4500
005 - FECHA Y HORA DE LA ÚLTIMA TRANSACCIÓN
campo de control 20230223063535.0
008 - ELEMENTOS DE LONGITUD FIJA--INFORMACIÓN GENERAL
campo de control de longitud fija 101208s2009 mx r 000 0 spa d
020 ## - NÚMERO INTERNACIONAL NORMALIZADO PARA LIBROS
Número Internacional Estándar del Libro 9786074420975
035 ## - NÚMERO DE CONTROL DEL SISTEMA
Número de control de sistema UPN01000178914
049 ## - COLECCIÓN
Colección CG
050 #4 - SIGNATURA TOPOGRÁFICA DE LA BIBLIOTECA DEL CONGRESO
Número de clasificación HF5351
Número de documento/Ítem R6.38 2009
100 1# - ASIENTO PRINCIPAL--NOMBRE PERSONAL
Nombre de persona Robbins, Stephen Paul,
Fechas asociadas al nombre 1943-
9 (RLIN) 30976
245 10 - MENCIÓN DE TÍTULO
Título Fundamentos de administración :
Resto del título conceptos esenciales y aplicaciones /
Mención de responsabilidad, etc. Stephen P. Robbins, David A. DeCenzo ; colab. Henry Moon ; tr. Mónica Gabriela Martinez Gay.
250 ## - MENCIÓN DE EDICIÓN
Mención de edición 6a ed.
260 ## - PUBLICACIÓN, DISTRIBUCIÓN, ETC.
Lugar de publicación, distribución, etc. México :
Nombre del editor, distribuidor, etc. Pearson,
Fecha de publicación, distribución, etc. 2009.
300 ## - DESCRIPCIÓN FÍSICA
Extensión 454 p. :
Otras características físicas il.
534 ## - NOTA SOBRE LA VERSIÓN ORIGINAL
Frase introductoria Título original :
Mención de título del original Fundamentals of managaement essential concepts and aplications
650 #2 - ASIENTO SECUNDARIO DE MATERIA - TERMINO TEMATICO
Término de materia o nombre geográfico como elemento de entrada Administración
Subdivisión general Estudio y enseñanza
9 (RLIN) 423
700 1# - ASIENTO SECUNDARIO--NOMBRE DE PERSONAL
Nombre de persona DeCenzo, David A.,
Término indicativo de función/relación coaut.
9 (RLIN) 30977
700 1# - ASIENTO SECUNDARIO--NOMBRE DE PERSONAL
Nombre de persona Moon, Henry,
Término indicativo de función/relación colab.
905 ## - TIPO DE MATERIAL
Tipo de material Libro
Holdings
Estado de retiro Estado de pérdida Fuente del sistema de clasificación o colocación Estado dañado No para préstamo Código de colección Localización permanente Ubicación/localización actual Ubicación en estantería Total de préstamos Clasificación Código de barras Fecha visto por última vez Número de copia Tipo de ítem Koha
    Library of Congress Classification     Colección General Bib. Gregorio Torres Quintero Bib. Gregorio Torres Quintero Planta baja 8 HF5351 R6.38 2009 277064 31/12/2020 1 Libro
    Library of Congress Classification     Colección General Bib. Gregorio Torres Quintero Bib. Gregorio Torres Quintero Planta baja 7 HF5351 R6.38 2009 277063 31/12/2020 1 Libro